01976nab a2200253uuc4500001000800000005001700008008004100025035001200066035002100078040001300099041000800112100004900120245012600169520101500295650001501310650002901325650002601354650003901380650003001419700004801449700005101497773011301548856006101661101608820250312092825.0070215e20060701 spa  a1016088 a(OCoLC)820147412 ccomduadb aspa10aEcheverría Echeverría, Félix4auteaut10aPlanteamiento metodológico para la evaluación del desempeño de pinturas antiincrustantes en condiciones estáticas3 aEl articulo habla sobre La proteccion de superficies sumergidas en agua de mar tiene ademas de los aspectos de corrosividad un aspecto importante que debe considerarse y es evitar la colonizacion por especies marinas. La colonizacion de superficies sumergidas, ademas de deteriorar todo el sistema de proteccion, genera incovenientes en cuanto a la operatividad de naves y estructuras, debido al aumento en rugosidad y peso de estas. Como medida preventiva se emplean recubrimientos de pintura denominados antiincrustantes, los cuales evitan la adhesion de organismos a las superficies. Para la formulacion y posterior evaluacion de una nueva pintura es necesario tener conocimiento del medio ambiente y disponer montajes tanto de laboratorio como de campo, para lograr resultados representativos y de inmediata aplicacion. En el presente trabajo se describen los pasos recomendados a seguir en un estudio de este tipo, metodologia que se ha desarrollado y aplicado recientemente con resultados satisfactorios. aBiofouling 7aCorrosión marina2lemb aEnsayo de inmersión 7aCorrosión y anticorrosivos2lemb aPinturas antiincrustantes10aAguirre Ramírez, Néstor Jaime4auteaut10aCastaño González, Juan Guillermo4auteaut0 tRevista Facultad de Ingeniería (Medellín)gNúmero 37, Julio 2006, p. 155-163w120998x0120-62300678904 uhttps://bibliotecadigital.udea.edu.co/handle/10495/24744